000 01307naa a22003257a 4500
001 BR4200134
003 BR-BrBNA
005 20240918172802.0
007 ta
008 230509b bl.||||| |||| 00| 0 por d
040 _aBR-BrBNA
_bpor
_cBiblioteca Nacional de Agricultura
041 _a(Pt)
072 _aQ20
_b9700
_b9920
_b9320
090 _aQ20 BR4200134
100 1 _aFormiga, J. da V.
111 1 _a3. Congresso Sul-Americano de Quimica
_cRio de Janeiro, GB (Brazil); Sao Paulo, SP (Brazil)
_d8 Jul 1937
245 1 _aEstudos sobre a levedura saccharomyces cerevisiae [Carne; Acucar; Bebida alcoolica; Fermentacao]
260 3 _aRio de Janeiro, GB (Brasil):
_c1942.
500 _aIndustrias quimicas organicas, materias primas correspondentes, estatisticas, industrias de fermentacao Rio de Janeiro, GB (Brasil): 1942. p. 49-63 (BR4200134-AM)Q20
650 _aMicrobiologia de alimento
650 _aLevedo
650 _aFermentacao
650 _aCarne
650 _aBebida alcoolica
650 _aAcucar
650 _aAnalise quimica
773 0 _tIndustrias quimicas organicas, materias primas correspondentes, estatisticas, industrias de fermentacao
_b
_wQ20 BR4200134
_gRio de Janeiro, GB (Brasil), 1942. p. 49-63
909 _a202404
_bLucia
_c55
_dLucia Elande
942 _cAM
_2AGRIS
999 _c301496
_d301496